| 000 | 00802cam a2200217Ma 4500 | ||
|---|---|---|---|
| 020 | _a078073003952 (pbk.) | ||
| 020 | _a0590428535 | ||
| 020 | _a9780590428538 | ||
| 020 | _a0590434357 | ||
| 020 | _a9780590434355 | ||
| 040 | _cIDLWE | ||
| 082 | 0 | 0 | _a970 SCH 1991 A104 Or. |
| 100 | 1 | _aKrensky, Stephen | |
| 245 | 1 | 0 |
_aChildren of the earth and sky : _bfive stories about Native American children / |
| 260 |
_aNew York : _bScholastic, _cc1991 |
||
| 300 |
_a32 p. : _bcol. ill., col. map ; _c26 cm |
||
| 520 | _aDepicts traditional lifestyles in five different tribes of North American Indians through vignettes set in a time almost two hundred years ago, when they still had much of the continent to themselves | ||
| 650 | 0 | _aIndians of North America | |
| 700 | 1 | _aWatling, James, | |
| 942 | _cEK | ||
| 999 |
_c14423 _d14423 |
||